000 00917nam a2200277Ia 4500
001 21868
005 20260320113320.0
008 260320s9999||||xx |||||||||||||| ||und||
020 _a9786074813227
041 _aESP
082 _a658.4012
_bH54
100 _aHill, Charles W. L.,
_eAUT
245 0 _aAdministración estratégica :
_bun enfoque integral
246 _a
_5
_b
250 _aNovena edición
260 _aMéxico D. F. :
_bCengage Learning,
_c2011
300 _aVarias paginaciones :
_bfiguras ;
_c27 cm.
_e
440 _a
_n
_v
500 _aNo tiene portada / Datos extraídos de Worldcat
650 _aTCA
653 _aAdministración; Gerencia estratégica; Planificación
654 _aCAN
700 _aJones, Gareth R.,
_cAUT
856 _uhttps://login.ucsp.lookproxy.com/login?url=https://ebooks7-24.com/?aeds=1
_zVéase además: Base de datos Ebook7-24
942 _cLIB
_dJUS
_fTRC
_2ddc
_n
999 _c21868
_d21868